Normal view MARC view
  • MICROWAVE CIRCUITS.MICROWAVE NETWORK THEORY.MICROWAVE PRINTED CIRCUITS.MICROSTRIP PATCH ANTENNAS.MICROSTRIP COUPLED LINES.MICROSTRIP FILTERS.MICROWAVE LUMPED ELEMENTS

Entry Topical Term

Number of records used in: 1

001 - CONTROL NUMBER

  • control field: 56679

003 - CONTROL NUMBER IDENTIFIER

  • control field: NUST

005 - DATE AND TIME OF LATEST TRANSACTION

  • control field: 20210628201744.0

008 - FIXED-LENGTH DATA ELEMENTS

  • fixed length control field: 210628|| aca||aabn | a|a d

040 ## - CATALOGING SOURCE

  • Original cataloging agency: NUST
  • Transcribing agency: NUST

150 ## - HEADING--TOPICAL TERM

  • Topical term or geographic name entry element: MICROWAVE CIRCUITS.MICROWAVE NETWORK THEORY.MICROWAVE PRINTED CIRCUITS.MICROSTRIP PATCH ANTENNAS.MICROSTRIP COUPLED LINES.MICROSTRIP FILTERS.MICROWAVE LUMPED ELEMENTS

670 ## - SOURCE DATA FOUND

  • Source citation: Work cat.: (NUST): Kinayman, Noyan ,Aksun, M.I 56678, Modern microwave circuits, 2005
© 2023 Central Library, National University of Sciences and Technology. All Rights Reserved.